| Поле | Название | Значение |
| |
Тип записи |
a |
| |
Библиографический уровень |
m |
| 001 |
Контрольный номер |
RU/URAIT/585875 |
| 005 |
Дата корректировки |
20260429163618.6 |
| 008 |
Кодируемые данные |
260429s2026 RU y f j 000 0 rus u |
| 020 |
Индекс ISBN |
__ |
| a |
ISBN |
978-5-534-13938-9 |
| c |
Цена, тираж |
1059.00 |
| 040 |
Источник каталогиз. |
__ |
| a |
Служба первич. каталог. |
ИКО Юрайт |
| c |
Служба, преобразующая запись |
ИКО Юрайт |
| e |
Правила каталог. |
RCR |
| 041 |
Код языка издания |
__ |
| a |
Код языка текста |
rus |
| 044 |
Код страны публикации |
__ |
| a |
Код страны публикации |
RU |
| 080 |
Индекс УДК |
__ |
| a |
Индекс УДК |
66.017(075.8) |
| 084 |
Индекс другой классификации/Индекс ББК |
__ |
| 2 |
Источник индекса |
rubbk |
| a |
Индекс другой классификации/Индекс ББК |
24.4я73 |
| 100 |
Автор |
__ |
| a |
Автор |
Конюхов В. Ю. |
| q |
Полное имя |
Конюхов Валерий Юрьевич |
| 245 |
Заглавие |
__ |
| a |
Заглавие |
Методы исследования материалов и процессов |
| b |
Продолж. заглавия |
учебник для вузов |
| c |
Ответственность |
В. Ю. Конюхов, И. А. Гоголадзе, З. В. Мурга. |
| 250 |
Сведения об издании |
__ |
| g |
|
испр. и доп |
| a |
Основные сведения об издании |
2-е изд. |
| 256 |
Характеристики компьютерного файла |
__ |
| a |
Характеристики компьютерного файла |
Электрон. дан. |
| 260 |
Выходные данные |
__ |
| a |
Место издания |
Москва |
| b |
Издательство |
Юрайт |
| c |
Дата издания |
2026 |
| 300 |
Физическое описание |
__ |
| a |
Объем |
179 с |
| 440 |
Серия |
__ |
| a |
Серия |
Высшее образование |
| 500 |
Примечания |
__ |
| a |
Примечание |
URL: https://urait.ru/bcode/585875 (дата обращения: 29.04.2026). |
| 520 |
Аннотация |
__ |
| a |
Аннотация |
В учебном пособии дана классификация методов физико-химического анализа и исследования материалов, рассмотрены современные тенденции развития этих методов, а также физические процессы, лежащие в их основе. Особое внимание уделено значению методов физико-химического анализа для полиграфической технологии. Соответствует актуальным требованиям федерального государственного образовательного стандарта высшего образования. Для студентов высших учебных заведений, а также преподавателей химии, научных и инженерно-технических работников. |
| 538 |
Прим. о системных особенностях |
__ |
| a |
Прим. о системных особенностях |
Режим доступа: Электронно-библиотечная система Юрайт, для авториз. пользователей |
| 653 |
Ключевые слова |
__ |
| a |
Ключевые слова |
Общая химия |
| 653 |
Ключевые слова |
__ |
| a |
Ключевые слова |
Естественные науки |
| 653 |
Ключевые слова |
__ |
| a |
Ключевые слова |
Теория строения материалов |
| 653 |
Ключевые слова |
__ |
| a |
Ключевые слова |
Методы исследования материалов и процессов |
| 653 |
Ключевые слова |
__ |
| a |
Ключевые слова |
Физические методы исследования |
| 653 |
Ключевые слова |
__ |
| a |
Ключевые слова |
Материаловедение наноматериалов и наносистем |
| 653 |
Ключевые слова |
__ |
| a |
Ключевые слова |
Материаловедение наноструктурированных материалов |
| 653 |
Ключевые слова |
__ |
| a |
Ключевые слова |
Химия и материаловедение |
| 653 |
Ключевые слова |
__ |
| a |
Ключевые слова |
Методы исследования, контроля и испытания материалов |
| 653 |
Ключевые слова |
__ |
| a |
Ключевые слова |
Методы определения состава и строения вещества |
| 653 |
Ключевые слова |
__ |
| a |
Ключевые слова |
Основы теории строения материалов |
| 653 |
Ключевые слова |
__ |
| a |
Ключевые слова |
Физические методы исследования материалов |
| 653 |
Ключевые слова |
__ |
| a |
Ключевые слова |
Материаловедение и технологии наноматериалов и наносистем |
| 653 |
Ключевые слова |
__ |
| a |
Ключевые слова |
Физико-химия наноматериалов |
| 653 |
Ключевые слова |
__ |
| a |
Ключевые слова |
Физические методы исследования материалов и покрытий |
| 653 |
Ключевые слова |
__ |
| a |
Ключевые слова |
Материаловедение наносистем |
| 653 |
Ключевые слова |
__ |
| a |
Ключевые слова |
Испытание материалов и изделий |
| 653 |
Ключевые слова |
__ |
| a |
Ключевые слова |
Коррозия и защита нанокристаллических материалов |
| 653 |
Ключевые слова |
__ |
| a |
Ключевые слова |
Материаловедение. ТКМ |
| 653 |
Ключевые слова |
__ |
| a |
Ключевые слова |
Методы контроля и испытаний авиационных материалов и конструкций |
| 653 |
Ключевые слова |
__ |
| a |
Ключевые слова |
Разработка опытных образцов функциональных наноматериалов в качестве наполнителей для трибологического использования |
| 653 |
Ключевые слова |
__ |
| a |
Ключевые слова |
Современные методы анализа и исследования структуры и свойств материалов |
| 653 |
Ключевые слова |
__ |
| a |
Ключевые слова |
Современные методы анализа и исследования структуры и свойств наноматериалов |
| 653 |
Ключевые слова |
__ |
| a |
Ключевые слова |
Физико-технологические основы методов обработки |
| 653 |
Ключевые слова |
__ |
| a |
Ключевые слова |
Функциональные материалы триботехнического назначения |
| 653 |
Ключевые слова |
__ |
| a |
Ключевые слова |
Методы исследования в химии |
| 653 |
Ключевые слова |
__ |
| a |
Ключевые слова |
Физико-химическое материаловедение наноструктурных материалов |
| 653 |
Ключевые слова |
__ |
| a |
Ключевые слова |
Физические методы исследования вещества |
| 653 |
Ключевые слова |
__ |
| a |
Ключевые слова |
Испытание материалов и изделий отрасли |
| 653 |
Ключевые слова |
__ |
| a |
Ключевые слова |
Испытание материалов и процессов |
| 653 |
Ключевые слова |
__ |
| a |
Ключевые слова |
Материаловедение и химия |
| 700 |
Другие авторы |
__ |
| a |
Другие авторы |
Гоголадзе И. А. |
| q |
Полное имя |
Гоголадзе Ирма Алексеевна |
| 700 |
Другие авторы |
__ |
| a |
Другие авторы |
Мурга З. В. |
| q |
Полное имя |
Мурга Зурида Владимировна |
| 856 |
Электронный адрес документа |
40 |
| n |
Местонахождение сервера |
Юрайт |
| g |
|
Электронная книга |
| q |
Тип электронного формата |
html |
| h |
Имя пользователя |
ЮРАЙТ |
| v |
Часы доступа к ресурсу |
20271231 |
| 2 |
Способ доступа |
Показать документ |
| x |
Служебное примечание |
https://urait.ru/book/cover/46922023-4496-46B5-B451-FBB66F60E292 |
| u |
URL |
https://urait.ru/bcode/585875 |
| 856 |
Электронный адрес документа |
48 |
| q |
Тип электронного формата |
cover |
| u |
URL |
https://urait.ru/book/cover/46922023-4496-46B5-B451-FBB66F60E292 |
| 911 |
|
__ |
| u |
|
0030=https://urait.ru/bcode/585875 |
| 911 |
|
__ |
| u |
|
073a=9785534139389 |
| u |
|
073d=1059.00 |
| 911 |
|
__ |
| u |
|
106a=s |
| 911 |
|
__ |
| u |
|
900l= |
| 952 |
Тип литературы |
__ |
| i |
Дисциплина |
Теория строения материалов |
| 952 |
Тип литературы |
__ |
| i |
Дисциплина |
Методы исследования материалов и процессов |
| 952 |
Тип литературы |
__ |
| i |
Дисциплина |
Физические методы исследования |
| 952 |
Тип литературы |
__ |
| i |
Дисциплина |
Материаловедение наноматериалов и наносистем |
| 952 |
Тип литературы |
__ |
| i |
Дисциплина |
Материаловедение наноструктурированных материалов |
| 952 |
Тип литературы |
__ |
| i |
Дисциплина |
Химия и материаловедение |
| 952 |
Тип литературы |
__ |
| i |
Дисциплина |
Методы исследования, контроля и испытания материалов |
| 952 |
Тип литературы |
__ |
| i |
Дисциплина |
Методы определения состава и строения вещества |
| 952 |
Тип литературы |
__ |
| i |
Дисциплина |
Основы теории строения материалов |
| 952 |
Тип литературы |
__ |
| i |
Дисциплина |
Физические методы исследования материалов |
| 952 |
Тип литературы |
__ |
| i |
Дисциплина |
Материаловедение и технологии наноматериалов и наносистем |
| 952 |
Тип литературы |
__ |
| i |
Дисциплина |
Физико-химия наноматериалов |
| 952 |
Тип литературы |
__ |
| i |
Дисциплина |
Физические методы исследования материалов и покрытий |
| 952 |
Тип литературы |
__ |
| i |
Дисциплина |
Материаловедение наносистем |
| 952 |
Тип литературы |
__ |
| i |
Дисциплина |
Испытание материалов и изделий |
| 952 |
Тип литературы |
__ |
| i |
Дисциплина |
Коррозия и защита нанокристаллических материалов |
| 952 |
Тип литературы |
__ |
| i |
Дисциплина |
Материаловедение. ТКМ |
| 952 |
Тип литературы |
__ |
| i |
Дисциплина |
Методы контроля и испытаний авиационных материалов и конструкций |
| 952 |
Тип литературы |
__ |
| i |
Дисциплина |
Разработка опытных образцов функциональных наноматериалов в качестве наполнителей для трибологического использования |
| 952 |
Тип литературы |
__ |
| i |
Дисциплина |
Современные методы анализа и исследования структуры и свойств материалов |
| 952 |
Тип литературы |
__ |
| i |
Дисциплина |
Современные методы анализа и исследования структуры и свойств наноматериалов |
| 952 |
Тип литературы |
__ |
| i |
Дисциплина |
Физико-технологические основы методов обработки |
| 952 |
Тип литературы |
__ |
| i |
Дисциплина |
Функциональные материалы триботехнического назначения |
| 952 |
Тип литературы |
__ |
| i |
Дисциплина |
Методы исследования в химии |
| 952 |
Тип литературы |
__ |
| i |
Дисциплина |
Физико-химическое материаловедение наноструктурных материалов |
| 952 |
Тип литературы |
__ |
| i |
Дисциплина |
Физические методы исследования вещества |
| 952 |
Тип литературы |
__ |
| i |
Дисциплина |
Испытание материалов и изделий отрасли |
| 952 |
Тип литературы |
__ |
| i |
Дисциплина |
Испытание материалов и процессов |
| 952 |
Тип литературы |
__ |
| i |
Дисциплина |
Материаловедение и химия |